Statistiche per Ricostruisci la Carriera del Calciatore - Mathieu Flamini

Clicka qui per fare il quiz!

Statistiche generali

  • Questo quiz è stato fatto 2 volte
  • Il punteggio medio è 4 su 6

Statistiche sulle risposte

HintRisposta% Corretto
2013-2016 Arsenal
100%
2003-2004 Olympique Marsiglia
100%
2016-2017 Crystal Palace
50%
2018-2019 Getafe
50%
2008-2013 Milan
50%
2004-2008 Arsenal
0%

Distribuzione punteggi

Percentile per numero di risposta

Percentuale di utenti per punteggio

I tuoi punteggi nel tempo

Non hai fatto questo quiz